[Event "Giraldilla de La Habana op"]
[Site "Havana"]
[Date "2018.08.02"]
[Round "8"]
[White "Gonzalez Lopez, Lazaro Miguel"]
[Black "Morales Nunez, Antony"]
[Result "1-0"]
[WhiteElo "1877"]
[BlackElo "1687"]
[PlyCount "76"]
[EventDate "2018.07.28"]
[EventType "swiss"]
[EventRounds "9"]
[EventCountry "CUB"]
[SourceTitle "EXT 2021"]
[Source "ChessBase"]
[SourceDate "2020.10.23"]
[SourceVersion "1"]
[SourceVersionDate "2020.10.23"]
[SourceQuality "1"]

1. e4 e5 2. Nf3 Nc6 3. d4 exd4 4. Nxd4 Bc5 5. Nb3 Bb6 6. Nc3 d6 7. Qe2 Nge7 8. Be3 0-0 9. 0-0-0 Be6 10. Kb1 Ne5 11. h3 Bc4 12. Qe1 Bxf1 13. Rxf1 Bxe3 14. Qxe3 f6 15. f4 N5c6 16. g4 Qd7 17. Rg1 a5 18. a4 Ng6 19. f5 Nge5 20. Nc5 Qe7 21. Ne6 Rf7 22. g5 fxg5 23. Nd5 Qd7 24. Rxg5 Kh8 25. Rdg1 Nb4 26. Nc3 Rg8 27. Qe2 Nf3 28. Qxf3 Qxe6 29. Qh5 Qf6 30. Rg6 Qd4 31. R6g4 Rf6 32. R1g2 Qe3 33. Rxg7 Qe1+ 34. Nd1 Qxd1+ 35. Qxd1 Rxg7 36. Rxg7 Kxg7 37. Qg4+ Kf8 38. Qh4 Rf7 1-0

[Event "Giraldilla de La Habana op"]
[Site "Havana"]
[Date "2018.08.01"]
[Round "7"]
[White "Morales Nunez, Antony"]
[Black "Tomasen Bernal, Lucnel"]
[Result "1-0"]
[WhiteElo "1687"]
[BlackElo "1823"]
[PlyCount "25"]
[EventDate "2018.07.28"]
[EventType "swiss"]
[EventRounds "9"]
[EventCountry "CUB"]
[SourceTitle "EXT 2021"]
[Source "ChessBase"]
[SourceDate "2020.10.23"]
[SourceVersion "1"]
[SourceVersionDate "2020.10.23"]
[SourceQuality "1"]

1. d4 Nf6 2. Bf4 g6 3. e3 Bg7 4. Nf3 0-0 5. h3 d6 6. Be2 Nbd7 7. Nbd2 Re8 8. Bh2 e5 9. dxe5 dxe5 10. 0-0 e4 11. Nd4 a6 12. Nc4 b5 13. Nc6 1-0

[Event "Giraldilla de La Habana op"]
[Site "Havana"]
[Date "2018.07.31"]
[Round "6"]
[White "Perez Marin, Olivia"]
[Black "Morales Nunez, Antony"]
[Result "1-0"]
[WhiteElo "1749"]
[BlackElo "1687"]
[PlyCount "39"]
[EventDate "2018.07.28"]
[EventType "swiss"]
[EventRounds "9"]
[EventCountry "CUB"]
[SourceTitle "EXT 2021"]
[Source "ChessBase"]
[SourceDate "2020.10.23"]
[SourceVersion "1"]
[SourceVersionDate "2020.10.23"]
[SourceQuality "1"]

1. e4 e5 2. Bc4 Nf6 3. Nc3 Bc5 4. h3 Nc6 5. Nge2 d6 6. d3 h6 7. Be3 Bb6 8. 0-0 0-0 9. Qd2 Bxe3 10. Qxe3 Qe7 11. f4 Be6 12. Ng3 Nd4 13. fxe5 dxe5 14. Rf2 Bxc4 15. dxc4 Rad8 16. Raf1 Kh7 17. Rxf6 gxf6 18. Nd5 Qe6 19. Nxf6+ Kg6 20. Ng4 1-0

[Event "Giraldilla de La Habana op"]
[Site "Havana"]
[Date "2018.07.28"]
[Round "2"]
[White "Menendez Mallet, Jhon Maykol"]
[Black "Morales Nunez, Antony"]
[Result "1/2-1/2"]
[WhiteElo "1866"]
[BlackElo "1687"]
[PlyCount "27"]
[EventDate "2018.07.28"]
[EventType "swiss"]
[EventRounds "9"]
[EventCountry "CUB"]
[SourceTitle "EXT 2021"]
[Source "ChessBase"]
[SourceDate "2020.10.23"]
[SourceVersion "1"]
[SourceVersionDate "2020.10.23"]
[SourceQuality "1"]

1. e4 e5 2. Nf3 Nc6 3. d4 exd4 4. Nxd4 Bc5 5. Nxc6 Qf6 6. Qd2 dxc6 7. Nc3 Bd4 8. Bd3 Ne7 9. 0-0 Ng6 10. Kh1 Ne5 11. Be2 Ng4 12. Nd1 0-0 13. h3 Rd8 14. Qe1 1/2-1/2